Krótki quiz o teenz - Statystyki

Ogólne statystyki
  • Ten quiz został rozwiązany 1 110 razy
  • Średni wynik to 9 z 10
Statystyki odpowiedzi
Zagadnienie Odpowiedź % Poprawnych
Czy ktoś z Teenz jest w związku Tak
97%
Z kim jest gawronek Eliza
95%
Czy jest dom teenz Tak
95%
Jak ma na imię gawronek Marcel
94%
Jak nazywa się Santia Kozłowska
90%
Jak ma na imię mama Elizy Izabela
89%
Jak ma na imię zabor Wiktor
87%
Który z teenziaków walczył w mma Gawronek
85%
Kto ma kolczyka w pępku Santia
84%
Jaki nosi tytuł 1 piosenka teenz Nasz czas
82%
Nie znaleziono quizów pasujących do podanych kryteriów
Rozkład punktacji
Procent ludzi z każdym wynikiem
Percentyl według liczby udzielonych odpowiedzi
Twoja historia wyników
Nie rozwiązałeś tego quizu